000 00728cam a22002413a 4500
001 16696
003 PGUSA
005 20140828083345.0
008 050915s2005||||xxu|||||s|||||000 | eng d
040 _aPGUSA
_beng
042 _adc
050 4 _aBJ
050 4 _aHQ
100 1 _aJónína Sigríður Jónsdóttir,
_d1884-1963
245 1 0 _aLeiðarvísir í ástamálum :
_bII. fyrir ungar stúlkur
_h[electronic resource] /
_cJónína Sigríður Jónsdóttir
260 _bProject Gutenberg,
_c2005
506 _aPublic domain in the USA.
516 _aElectronic text
653 _aYoung women -- Conduct of life
830 0 _aProject Gutenberg
_v16696
856 4 0 _uhttp://www.gutenberg.org/ebooks/16696
942 _cEB
999 _c245951
_d245951